Дело о рассмотрении в Академии наук появившихся в Полтавской губернии насекомых под названием саранчи. Тут же о рассмотрении вре...

Доступно только в Электронных читальных залах Найти на картеНа карте
RUSMARC
00003753nmc2a22002413x 450
00173ba3eae-fb7a-4408-98b2-7fa20a8d993f
00520250621193129.0
100##$a20241209l18421842k l0rusy0189 ca
1010#$arus
102##$aRU
105##$ay###
1222#$ad
2001#$aДело о рассмотрении в Академии наук появившихся в Полтавской губернии насекомых под названием саранчи. Тут же о рассмотрении вредных насекомых, появившихся в разных губерниях. Тут же о рассмотрении насекомых под названием прусаков, появившихся в Херсонской губернии
$j3 июля - 22 декабря 1842 г.
215##$a45 л.
$d36,5х26 см
251##$cДело
300##$aНа обложке указано: "№89"
371##$aДокумент не является опубликованным и широко распространяемым
461#0$10012b5b8419-5ce4-4d16-a7a3-85720a295f1f
$12001
$aКанцелярия министра народного просвещения
$1251
$cФонд
$1852
$j735
462#0$1001562cc287-b13c-4f02-8029-f81535ba1e2e
$12001
$aКанцелярия министра народного просвещения
$1251
$cОпись
$1852
$j2
801#0$aRU
$bРГИА
$c20241209
$gRCR
801#1$aRU
$bГлавНИВЦ
$c20241209
$2rusmarc
801#2$aRU
$bПБ им. Б.Н. Ельцина
$c20250621
$gRCR
$2rusmarc
850##$aРГИА
852##$aРГИА
$eФедеральное казенное учреждение "Российский государственный исторический архив" (РГИА)
$j330
937##$hРГИА
$d12421248
$aASBIBLIO_SCAN
035##$aRusGRCC00083127
856##$uhttp://readingroom.main.prlib.ru/item.aspx?id_node=n196849681&mode=full
Формат отображения